Geography Quiz

Random Geography or Asia Quiz
Score 0/63 Timer 15:00
0 Plays Today
Hint country % Correct
Taj MahalIndia
94.7%
Great Wall of ChinaChina
94.7%
Himeji CastleJapan
89.5%
Mount FujiJapan
89.5%
Angkor WatCambodia
89.5%
Taipei 101Taiwan
89.5%
Wat PhoThailand
84.2%
KrakatauIndonesia
84.2%
Ha Long BayVietnam
84.2%
Petronas TowersMalaysia
84.2%
Mount EverestNepal
84.2%
Lake BaikalRussia
84.2%
Pha That LuangLaos
78.9%
Burj KhalifahUnited Arab Emirates
78.9%
Ziggurat of UrIraq
78.9%
Mausoleum of the First Qin EmperorChina
78.9%
Cape DezhnevRussia
78.9%
PetraJordan
78.9%
Lahore FortPakistan
78.6%
ChangdeokgungSouth Korea
73.7%
Dome of the RockPalestine
73.7%
Blue MosqueTurkey
73.7%
Red FortIndia
73.7%
Hue Imperial CityVietnam
68.4%
Zhangye National GeoparkChina
68.4%
Sultan Salahuddin Abdul Aziz MosqueMalaysia
63.2%
Shwedagon PagodaMyanmar
63.2%
Umayyad MosqueSyria
63.2%
Friday Mosque of HeratAfghanistan
63.2%
Mount KinabaluMalaysia
63.2%
Winter Palace of the Bogd KhanMongolia
63.2%
Malé Friday MosqueMaldives
63.2%
Hint country % Correct
Jamé MosqueIran
57.9%
Old City of BukharaUzbekistan
57.9%
Karakol MosqueKyrgyzstan
52.6%
BorobudurIndonesia
52.6%
Rizal ParkPhilippines
52.6%
Grand PalaceThailand
52.6%
Agung Demak MosqueIndonesia
52.6%
Khoja Akhmet Yassawi MausoleumKazakhstan
52.6%
Baiterek TowerKazakhstan
47.4%
Fort SantiagoPhilippines
47.4%
ShibamYemen
47.4%
Minaret of JamAfghanistan
47.4%
Crystal MosqueMalaysia
47.4%
Shunak CraterKazakhstan
47.4%
Nasir Ol-Molk MosqueIran
42.9%
Arch of TriumphNorth Korea
42.1%
Binder’s Deer StoneMongolia
42.1%
Bahla FortOman
42.1%
Ampera BridgeIndonesia
42.1%
Galle FortSri Lanka
42.1%
Khulbuk FortressTajikistan
36.8%
Aspire TowerQatar
36.8%
Yangikala CanyonsTurkmenistan
31.6%
Hanifary BayMaldives
31.6%
Niah CaveMalaysia
28.6%
Al Hamra TowerKuwait
28.6%
Mosque City of BagerhatBangladesh
28.6%
Putra MosqueMalaysia
28.6%
Omar Ali Saifuddien MosqueBrunei
28.6%
Prehistoric paintings at Ile Kére KéreTimor-Leste
26.3%
Kurganzol FortressUzbekistan
21.4%

You're not logged in!

Compare scores with friends on all Sporcle quizzes.
OR
Log In

Sporcle TV

Today on Sporcle TV


Watch our educational content, quiz creation guides, and fun videos on Sporcle TV.

Show Comments

Extras

Top Quizzes Today


Score Distribution

Paid Content

Your Account Isn't Verified!

In order to create a playlist on Sporcle, you need to verify the email address you used during registration. Go to your Sporcle Settings to finish the process.

Report this User

Report this user for behavior that violates our Community Guidelines.

Details: